|
|
|
|
| LEADER |
02117nam a2200553 i 4500 |
| 001 |
nkc20162791901 |
| 003 |
CZ PrNK |
| 005 |
20170725144035.0 |
| 007 |
ta |
| 008 |
160411s2016 xr g 000 1 ger |
| 015 |
|
|
|a cnb002791901
|
| 020 |
|
|
|a 978-80-7485-074-5
|q (vázáno)
|
| 035 |
|
|
|a (OCoLC)949217519
|
| 040 |
|
|
|a BOA001
|b cze
|e rda
|
| 041 |
1 |
|
|a ger
|a cze
|a eng
|h ger
|
| 072 |
|
7 |
|a 821.112.2-3
|x Německá próza, německy psaná
|2 Konspekt
|9 25
|
| 080 |
|
|
|a 821.112.2(436)-3
|2 MRF
|
| 080 |
|
|
|a 17.02
|2 MRF
|
| 080 |
|
|
|a (0:82-84)
|2 MRF
|
| 080 |
|
|
|a (0.027)=030
|2 MRF
|
| 100 |
1 |
|
|a Ebner-Eschenbach, Marie von,
|d 1830-1916
|7 jn19990001964
|4 aut
|
| 245 |
1 |
0 |
|a Aphorismen =
|b Aforismy = Aphorisms /
|c Marie von Ebner-Eschenbach ; vybral a přeložil Jiří Munzar
|
| 246 |
3 |
1 |
|a Aforismy
|
| 246 |
3 |
1 |
|a Aphorisms
|
| 250 |
|
|
|a První vydání
|
| 264 |
|
1 |
|a Brno :
|b Barrister & Principal,
|c 2016
|
| 300 |
|
|
|a 127 stran ;
|c 12 x 16 cm
|
| 336 |
|
|
|a text
|b txt
|2 rdacontent
|
| 337 |
|
|
|a bez média
|b n
|2 rdamedia
|
| 338 |
|
|
|a svazek
|b nc
|2 rdacarrier
|
| 546 |
|
|
|a Souběžný český a anglický text
|
| 650 |
0 |
7 |
|a životní moudrost
|7 ph128026
|2 czenas
|
| 650 |
0 |
9 |
|a life wisdom
|2 eczenas
|
| 655 |
|
7 |
|a rakouské prózy
|7 fd202942
|2 czenas
|
| 655 |
|
7 |
|a aforismy
|7 fd131784
|2 czenas
|
| 655 |
|
7 |
|a vícejazyčná vydání
|7 fd237849
|2 czenas
|
| 655 |
|
9 |
|a Austrian prose
|2 eczenas
|
| 655 |
|
9 |
|a aphorisms
|2 eczenas
|
| 655 |
|
9 |
|a multilingual editions
|2 eczenas
|
| 700 |
1 |
|
|a Munzar, Jiří,
|d 1937-
|7 jk01082476
|4 com
|4 trl
|
| 700 |
1 |
2 |
|a Ebner-Eschenbach, Marie von,
|d 1830-1916.
|t Aphorismen
|7 aun2016913822
|
| 700 |
1 |
2 |
|a Ebner-Eschenbach, Marie von,
|d 1830-1916.
|t Aphorismen.
|l Česky
|7 aun2016913825
|
| 700 |
1 |
2 |
|a Ebner-Eschenbach, Marie von,
|d 1830-1916.
|t Aphorismen.
|l Anglicky
|7 aun2016913829
|
| 910 |
2 |
|
|a BOA001
|b 1-1364.826
|
| 990 |
|
|
|a BK
|
| 995 |
|
|
|a 01
|
| 991 |
|
|
|b 201604
|c NOV
|
| 996 |
6 |
|
|b 2610666729
|c 1-1364.826
|l MZK
|r Sklad / do 1 hodiny
|n 1
|p p.v.
|w 001555873
|u 000010
|a 1
|e BOA001
|j MZK50
|s P
|
| 996 |
7 |
|
|b 2610666730
|c 1-1364.826
|l MZK
|r Sklad / do 1 hodiny
|n 6
|p p.v.
|w 001555873
|u 000020
|a 1
|e BOA001
|j MZK50
|s A
|